| 000 | 00733nas a2200253 4500 | ||
|---|---|---|---|
| 001 | BR0701271 | ||
| 003 | BR-BrBNA | ||
| 005 | 20231205110626.0 | ||
| 007 | ta | ||
| 008 | 230509b bl.|||p| |||| 00| 00por d | ||
| 040 |
_aBR-BrBNA _bpor _cBiblioteca Nacional de Agricultura |
||
| 041 | _a(Pt) | ||
| 072 | _aH10 | ||
| 100 | 1 | _aAndreiv, J. | |
| 100 | 1 | _aFirkowski, C. | |
| 245 | 1 | _aTécnicas de redução de danos causados por roedores em povoamentos de Pinus | |
| 650 | _aPINHEIRO | ||
| 650 | _aROEDOR | ||
| 650 | _aPOVOAMENTO FLORESTAL | ||
| 650 | _aDANO | ||
| 773 | 0 |
_tFloresta (Brazil) _xISSN 0015-3826 _g(May-Aug 2006), v. 36(2) p. 305-310 _wBR0701271 |
|
| 909 |
_a202311 _bLúcia _c55 _dLúcia Elande |
||
| 942 |
_2AGRIS _n0 _cANA |
||
| 999 |
_c188244 _d188244 |
||